书目信息 |
| 题名: |
刘少奇选集
|
|
| 作者: | 刘少奇 著 | |
| 分册: | 上卷 | |
| 出版信息: | 北京 人民出版社 1981.12 |
|
| 页数: | 464页 | |
| 开本: | 21cm | |
| 丛书名: | ||
| 单 册: | ||
| 中图分类: | D2-1 | |
| 科图分类: | ||
| 主题词: | 中国共产党--领袖--著作 | |
| 电子资源: | ||
| ISBN: | ||
| 000 | 00557nam0 2200205 45 | |
| 001 | 0301141063 | |
| 005 | 20060720111633.73 | |
| 010 | @b精装@dCNY3.95 | |
| 091 | @a3001.1808 | |
| 100 | @a20030114d1981 km y0chiy0120 ea | |
| 101 | 0 | @achi |
| 105 | @ac z 000yy | |
| 200 | 1 | @a刘少奇选集@ALiu Shao Qi Xuan Ji@h上卷@f刘少奇著@FLiu Shao Qi Zhu |
| 210 | @a北京@c人民出版社@d1981.12 | |
| 215 | @a464页@c肖像@d21cm | |
| 606 | 0 | @a中国共产党@x领袖@x著作 |
| 690 | @aD2-1@v3 | |
| 701 | 0 | @a刘少奇@4著 |
| 801 | @aCN@bTSTC@c20060720 | |
| 905 | @dD2-1@e13:1@f1@b56109 | |
| 刘少奇选集.上卷/刘少奇著.-北京:人民出版社,1981.12 |
| 464页:肖像;21cm |
| ISBN (精装):CNY3.95 |
| ● |
| 相关链接 |
|
|
|
|
正题名:刘少奇选集
索取号:D2-1/13:1
 
预约/预借
| 序号 | 登录号 | 条形码 | 馆藏地/架位号 | 状态 | 备注 |
| 1 | 0056109 | 002031553 | 第一借阅区/ [索取号:D2-1/13:1] | 在馆 | |
| 2 | 0056110 | 001010952 | 第一借阅区/ [索取号:D2-1/13:1] | 在馆 | |
| 3 | 0056111 | 001798674 | 密集书库/ [索取号:D2-1/13:1] | 在馆 | |
| 4 | 0056112 | 001010943 | 第一借阅区/ [索取号:D2-1/13:1] | 在馆 | |
| 5 | 0056113 | 002050087 | 第一样本阅览室/ [索取号:D2-1/13:1] | 在馆 | |
| 6 | 0425225 | 204252254 | 密集书库/ [索取号:D2-1/13:1] | 在馆 | |
| 7 | 0425226 | 204252263 | 密集书库/ [索取号:D2-1/13:1] | 在馆 | |
| 8 | 0425227 | 204252272 | 密集书库/ [索取号:D2-1/13:1] | 在馆 | |
| 9 | 0425232 | 204252325 | 密集书库/ [索取号:D2-1/13:1] | 在馆 |